Rozdelenia s ľahkými chvostami a ich využitie pri aproximovaní výšky poistných plnení
Definícia ľahkých chvostov. Modelovanie rozdelenia výšky poistných plnení. Exponenciálne rozdelenie. Gamma-rozdelenie. Test dobrej zhody. Kolmogorov-Smirnovov test. Exponenciálne mixy a ich vlastnosti.
Saved in:
| Main Author: | |
|---|---|
| Format: | Book Chapter |
| Language: | Slovak |
| Subjects: | |
| Tags: |
No Tags, Be the first to tag this record!
|
MARC
| LEADER | 00000naa$a2200000$$$4500 | ||
|---|---|---|---|
| 001 | 0092592 | ||
| 005 | 20220715093915.0 | ||
| 041 | 0 | |a slo | |
| 044 | |a SK | ||
| 245 | 1 | 0 | |a Rozdelenia s ľahkými chvostami a ich využitie pri aproximovaní výšky poistných plnení |c Eva Uhríková |
| 520 | |a Definícia ľahkých chvostov. Modelovanie rozdelenia výšky poistných plnení. Exponenciálne rozdelenie. Gamma-rozdelenie. Test dobrej zhody. Kolmogorov-Smirnovov test. Exponenciálne mixy a ich vlastnosti. | ||
| 610 | 2 | 0 | |a plnenie poistné |
| 610 | 2 | 0 | |a poisťovníctvo |
| 610 | 2 | 0 | |a hypotézy štatistické |
| 610 | 2 | 0 | |a testovanie hypotéz |
| 610 | 2 | 0 | |a metódy štatistické |
| 610 | 2 | 0 | |a štatistika aplikovaná |
| 610 | 2 | 0 | |a štatistika |
| 100 | 1 | |a Uhríková, Eva | |